El arte expandido
שמור ב:
| מחבר ראשי: | |
|---|---|
| פורמט: | ספר |
| שפה: | ספרדית |
| יצא לאור: |
Madrid
Casimiro Libros
2016
|
| מהדורה: | 1a. ed |
| נושאים: | |
| תגים: |
הוספת תג
אין תגיות, היה/י הראשונ/ה לתייג את הרשומה!
|
MARC
| LEADER | 00000cam a2200000 a 4500 | ||
|---|---|---|---|
| 001 | UCD7346 | ||
| 003 | CL-VaPUC | ||
| 008 | 170317e20160000sp |||||||||||||||||spa|d | ||
| 020 | |a 9788415715764 | ||
| 082 | 0 | 4 | |a 700.1 |b PER |2 21 |
| 100 | |a Perniola, Mario |e autor |9 602728 | ||
| 245 | 1 | 3 | |a El arte expandido |
| 250 | |a 1a. ed | ||
| 300 | |a 108 p | ||
| 942 | |c BK | ||
| 945 | |d 20170317 22:16:00 |a arojas | ||
| 260 | |a Madrid |b Casimiro Libros |c 2016 | ||
| 650 | 0 | |a Filosofía del arte |9 264951 | |
| 650 | 7 | |a EXPRESIONES CULTURALES |2 CL-VaPUC |9 591344 | |
| 583 | |a last modification |c 20170317 22:16:00 |k Rodrigo Vera | ||
| 999 | |c 367407 |d 367405 | ||
| 952 | |0 0 |1 0 |3 erb |4 0 |6 700_100000000000000_PER_2016 |7 0 |8 A |9 482268 |a BIBART |b BIBART |i 5366038 |o 700.1 PER 2016 |p 5366038 |r 2025-03-13 |w 2019-11-24 |y BK |z Catalogado en:20170317 |k ART | ||